| 000 | 01080nam a2200217Ia 4500 | ||
|---|---|---|---|
| 003 | Ost | ||
| 005 | 20260507075641.0 | ||
| 008 | 260507s9999||||xx |||||||||||||| ||und|| | ||
| 040 | _cfsecg | ||
| 041 | _aara | ||
| 082 | _a340 | ||
| 100 |
_aمنصور، محمد حسين _eمؤلف |
||
| 245 | 0 |
_aالمدخل الى القانون : _bالقاعدة القانونية- نظرية الحق / _c محمد حسين منصور |
|
| 260 |
_aالإسكندرية: _bالدار الجامعية, _c2000 |
||
| 300 |
_a488 صفحة؛ _bإيضاحات ؛ _c24 سم |
||
| 520 | _aماهية الحق، وجود الحق، مكانة الحق في النظام القانوني المعاصر- طبائع الحقوق وتقسيماتها، أنواع الحقوق- الاشياء محل الحق- ميلاد الحق وحمايته، الشخصية القانونية، الشخص المعنوي أو الإعتباري | ||
| 653 | _aالقاعدة القانونية | ||
| 653 | _aالقانون | ||
| 700 |
_aقاسم، محمد حسين _eمؤلف ثانوي |
||
| 942 | _cكتاب | ||
| 999 |
_c45403 _d45403 |
||